000 00887nam a2200253Ia 4500
003 OSt
005 20221005113502.0
006 a|||||r|||| 00| 0
007 ta
008 221004b |||||||| |||| 00| 0 pan d
020 _a8176471585 (hbk)
_c50
024 _a104543
037 _b7830/IV/A, 31/01/2011, Arsee Publishers
_cTextual
040 _aCRL
_cCRL
_bpan
041 _2pan
_apan
082 _aO153,1:g, P5
100 _aਗਿਆਨੀ ਕੇਵਲ ਸਿੰਘ
245 0 _aਵਾਰਾਂ ਸਿੱਖ ਇਤਿਹਾਸ ਦੀਆਂ
260 _aਲੁਧਿਆਣਾ
_bਲਾਹੋਰ ਬੁੱਕ ਾਰਤ
_c2005
300 _a96ਪੰ
_ccm.
650 _aਪੰਜਾਬੀ ਸਾਹਿਤ
942 _hO153,1:g, P5
_cTEXL
_2cc
999 _c1028347
_d1028347